000 00992nam a2200265Ia 4500
001 21965
005 20260320113329.0
008 260320s9999||||xx |||||||||||||| ||und||
020 _a9786123262976
041 _aESP
082 _a307.720985
_bP91
100 _aPuente, Javier,
_eAUT
245 0 _aEl estado rural :
_bindígenas, comuneros y campesinos en la sierra central
246 _aThe rural state :
_5making comunidades, campesinos, and conflict in Peru´s central sierra
_b
250 _aPrimera edición
260 _aLima :
_bIEP Instituto de Estudios Peruanos,
_c2024
300 _a317 páginas :
_bfotografías ;
_c23 cm.
_e
440 _a(Estudios históricos
_n; número 97)
_v
650 _aCIS
653 _aComunidades campesinas; Propiedad de la tierra; Sierra peruana; Cambio social
654 _aCHU
700 _a
_c
856 _uhttps://0u20jme4p-y-https-www-jstor-org.itmsp.museknowledge.com/
_zVéase además: Base de datos JSTOR
942 _cLIB
_dJUS
_fMAT
_2ddc
_n
999 _c21965
_d21965